Dans One Piece, comment s'appelle... - Statistiques

Statistiques générales
  • Ce quiz a été pris 90 fois
    83 depuis la dernière actualisation
  • Le résultat moyen est 21 sur 40
Statistiques - réponses
Dans One Piece, comment s'appelle(nt)... Réponse % Correct
...le groupe de puissants pirates dont la prime a été geléeen échange d'une collaboration avec le Gouvernement Mondial ? 7 Grands Corsaires
90%
...le pouvoir qui se décline en 3 formes, à savoirarmement, observation et royal ? Haki/Fluide
79%
...le groupe des 5 dirigeants suprêmes du Gouvernement Mondial ? Cinq Doyens
75%
...le titre que Roger avait acquis, aujourd'hui rêvede Luffy ? Roi des pirates
75%
...l'organisation fondée par Crocodile ? Baroque Works
71%
...la matière qui annule les pouvoirs de Fruits duDémon ? Granit marin
71%
...les cyborgs créés sur le modèle de Kuma ? Pacifista
71%
...la prison la plus sécurisée du monde ? Impel Down
70%
...la réunion tous les 4 ans des chefs d'état des pays affiliés au Gouvernement Mondial ? Rêverie
70%
...l'archipel administré par Big Mom ? Totto Land
70%
...le jeu entre deux équipages qui permet en cas de victoire de prendre les membres d'équipage du perdant ? Davy Back Fight
68%
...les Fruits du Démon artificiels de couleur rouge,qui n'ont que 10% de chance de donner un pouvoir ? SMILE
68%
...la branche du gouvernement mondial chargée durenseignement et de l'espionnage, qui est séparée en plusieurs groupes, étant numérotés de 0 à 9 ? Cipher Pol
67%
...le bateau-île de Gecko Moria ? Thriller Bark
67%
...l'organisation-nation dirigée par les Vinsmoke ? Germa 66
62%
...la deuxième partie de Grand Line ? Nouveau Monde
62%
...Brook sur la scène ? Soulking
62%
...le groupe de 11 pirates avec une prime supérieure à100 millions de berries qui sont arrivés sur Sabaody en même temps ? Supernovae
62%
...la caste spéciale des Dragons Célestes combattants ? Chevaliers Divins
60%
...la dernière île de Grand Line, où se trouveraitle One Piece ? Laugh Tale
60%
...la catégorie de Fruits du Démon très rare à laquelleappartient notamment les Fruits de Marco, Yamato ou encore Catarina Devon ? Zoan mythique
60%
...le matériau spécial en lequel est fabriqué le Thousand Sunny ? Bois d'Adam
59%
...le peuple dont fait partie Bartholomew Kuma ? Boucaniers
59%
...le type de Ponéglyphe de couleur rouge, aunombre de 4, qui permettrait s'ils sont tous réunis, d'aller chercher le One Piece ? Road Ponéglyphe
57%
...l'organisation fondée et dirigée par Dragon ? Armée révolutionnaire
56%
...la volonté héritée qui se manifeste sous la forme d'une lettre dans le nom de ses porteurs ? Volonté du D
54%
...la transformation que les Minks peuventadopter les soirs de pleine lune ? Sulong
51%
...l'unité secrète de la Marine qui peut agir à saguise, commandée par X-Drake ? SWORD
49%
...l'endroit du monde situé au-dessus des nuages ? Iles célestes
48%
...les êtres créés à partir de morceaux d'âme grâceau Fruit des Ames ? Homies
43%
...les clones améliorés des Grands Corsaires auxcheveux blancs et à la flamme dans le dos ? Séraphins
40%
...les corps que Vegapunk a créé pour l'assister ? Satellites
35%
...la technique ultime du Fruit du Bistouri, qui permetde rendre immortel quelqu'un ? Opération de Jouvence
30%
...l'arène de Dressrosa où a eu lieu le tournoi quiavait pour récompense le Pyro-Fruit ? Corrida Colosseum
22%
...l'histoire racontant les aventures de l'homme connucomme le plus grand des menteurs ? Norland le menteur
21%
...la réunion de tous les Ponéglyphes en un seul ? Rio Poneglyphe
21%
...la technique qui consiste à revêtir un bateau d'unerésine spéciale pour lui permettre d'aller sous l'eau ? Revêtement
14%
...les animaux qui servent de moyen de transportà Water Seven ? Yagara Bull
8%
...l'arbre qui contenait la bibliothèque d'Ohara ? Arbre de la Cognition
5%
...le journal dirigé par Big News Morgans ? World Economy Journal
2%
Aucun quiz correspondant
Distribution des résultats
% des personnes avec chaque résultat
Percentile par nombre de réponses
Votre historique - résultats
Vous n’avez pas pris ce quiz depuis la dernière actualisation